书目信息 |
| 题名: |
不可不知的文学
|
|
| 作者: | 王震华 , 王震华 主编 | |
| 分册: | ||
| 出版信息: | 延吉 延边大学出版社 2005.5 |
|
| 页数: | 300页 | |
| 开本: | 20cm | |
| 丛书名: | ||
| 单 册: | ||
| 中图分类: | I1 | |
| 科图分类: | ||
| 主题词: | 科学知识--青少年读物 , 科学知识 , 文学--世界 | |
| 电子资源: | ||
| ISBN: | 7-5634-2073-8 | |
| 000 | 00804nam0 2200253 450 | |
| 001 | 0102946846CN | |
| 005 | 20100920090654.52 | |
| 010 | @a7-5634-2073-8@dCNY25.80 | |
| 100 | @a20050311d2005 am y0chiy0120 eb | |
| 101 | 0 | @achi |
| 105 | @a 000yy | |
| 200 | 1 | @a不可不知的文学@Abu ke bu zhi de wen xue@f王震华主编@Fwang zhen hua zhu bian |
| 210 | @a延吉@c延边大学出版社@d2005.5 | |
| 215 | @a300页@d20cm | |
| 330 | @a本书以青少年学生及家长为读者对象,介绍了文字、书法、绘画、雕塑、摄影、音乐、舞蹈等方面的不可不知的基础知识 | |
| 606 | 0 | @a科学知识@X青少年读物 |
| 606 | 0 | @a科学知识 |
| 606 | 0 | @a文学@x世界 |
| 690 | @aI1@v4 | |
| 701 | 0 | @a王震华@Awang zhen hua@4主编 |
| 701 | 0 | @a王震华@Awang zhen hua@4主编 |
| 801 | @acn@bbwkj@c20100920 | |
| 905 | @aBZT@dI1@e2 | |
| 906 | @dCNY25.80@n0@r1 | |
| 不可不知的文学/王震华主编.-延吉:延边大学出版社,2005.5 |
| 300页;20cm |
| ISBN 7-5634-2073-8:CNY25.80 |
| 本书以青少年学生及家长为读者对象,介绍了文字、书法、绘画、雕塑、摄影、音乐、舞蹈等方面的不可不知的基础知识 |
| ● |
| 相关链接 |
|
|
|
正题名:不可不知的文学
索取号:I1/2
 
预约/预借
| 序号 | 登录号 | 条形码 | 馆藏地/架位号 | 状态 | 备注 |
| 1 | 459123 | 230060273 | 中心书库北库/ 北库039架A面1列3层14/ [索取号:I1/2] | 在馆 | |
| 2 | 459124 | 230060274 | 中心书库北库/ 北库039架A面1列3层7/ [索取号:I1/2] | 在馆 | |
| 3 | 459125 | 230060275 | 中心书库北库/ 北库039架A面1列3层6/ [索取号:I1/2] | 在馆 | |
| 4 | 459126 | 230060276 | 中心书库北库/ 北库039架A面1列3层13/ [索取号:I1/2] | 在馆 | |
| 5 | 459127 | 230060277 | 中心书库北库/ 北库039架A面1列3层15/ [索取号:I1/2] | 在馆 | |
| 6 | 480129 | 230041540 | 中心书库北库/ 北库039架A面1列3层32/ [索取号:I1/2] | 在馆 | |
| 7 | 480130 | 230041539 | 中心书库北库/ 北库039架A面1列3层29/ [索取号:I1/2] | 在馆 | |
| 8 | 480131 | 230041538 | 中心书库北库/ 北库039架A面1列3层33/ [索取号:I1/2] | 在馆 | |
| 9 | 480132 | 230041537 | 中心书库北库/ 北库039架A面1列3层16/ [索取号:I1/2] | 在馆 | |
| 10 | 480133 | 230041541 | 中心书库北库/ 北库039架A面1列3层40/ [索取号:I1/2] | 在馆 | |
| 11 | 536599 | 230122397 | 中心书库北库/ 北库039架A面1列3层30/ [索取号:I1/2] | 在馆 | |
| 12 | 536600 | 230122396 | 中心书库北库/ 北库039架A面1列3层46/ [索取号:I1/2] | 在馆 | |
| 13 | 536601 | 230122395 | 中心书库北库/ 北库039架A面1列3层28/ [索取号:I1/2] | 在馆 | |
| 14 | 536602 | 230122394 | 中心书库北库/ 北库039架A面1列3层41/ [索取号:I1/2] | 在馆 | |
| 15 | 536603 | 230122393 | 中心书库北库/ 北库039架A面1列3层17/ [索取号:I1/2] | 在馆 | |
| 16 | 536604 | 230122392 | 中心书库北库/ 北库039架A面1列3层45/ [索取号:I1/2] | 在馆 | |
| 17 | 536605 | 230122391 | 中心书库北库/ 北库039架A面1列3层38/ [索取号:I1/2] | 在馆 | |
| 18 | 536606 | 230122390 | 中心书库北库/ 北库039架A面1列3层27/ [索取号:I1/2] | 在馆 | |
| 19 | 536607 | 230122389 | 中心书库北库/ 北库039架A面1列3层39/ [索取号:I1/2] | 在馆 | |
| 20 | 536608 | 230122388 | 中心书库北库/ 北库039架A面1列3层44/ [索取号:I1/2] | 在馆 |